Tr̥tīya pañcavārshika yojanāntargata yojanā. (Record no. 60895)
[ view plain ]
| 000 -LEADER | |
|---|---|
| fixed length control field | 00632cam a22002291 4500 |
| 001 - CONTROL NUMBER | |
| control field | sa 64008489 |
| 003 - CONTROL NUMBER IDENTIFIER | |
| control field | DLC |
| 005 - DATE AND TIME OF LATEST TRANSACTION | |
| control field | 20260227112054.0 |
| 008 - FIXED-LENGTH DATA ELEMENTS--GENERAL INFORMATION | |
| fixed length control field | 890420s1961 xx 000 0 maro |
| 010 ## - LIBRARY OF CONGRESS CONTROL NUMBER | |
| LC control number | sa 64008489 |
| 035 ## - SYSTEM CONTROL NUMBER | |
| System control number | (OCoLC)23546557 |
| 040 ## - CATALOGING SOURCE | |
| Original cataloging agency | DLC |
| Transcribing agency | MiU |
| Modifying agency | DLC |
| 042 ## - AUTHENTICATION CODE | |
| Authentication code | premarc |
| 043 ## - GEOGRAPHIC AREA CODE | |
| Geographic area code | a-ii--- |
| 050 00 - LIBRARY OF CONGRESS CALL NUMBER | |
| Classification number | HC437.M32 |
| Item number | A56 |
| 110 1# - MAIN ENTRY--CORPORATE NAME | |
| Corporate name or jurisdiction name as entry element | Maharashtra (India). |
| Subordinate unit | Finance Department of Planning Division. |
| 245 10 - TITLE STATEMENT | |
| Title | Tr̥tīya pañcavārshika yojanāntargata yojanā. |
| 260 ## - PUBLICATION, DISTRIBUTION, ETC. | |
| Date of publication, distribution, etc. | [1961] |
| 300 ## - PHYSICAL DESCRIPTION | |
| Extent | 2, 542 p. |
| Dimensions | 25 cm. |
| 500 ## - GENERAL NOTE | |
| General note | Romanized. |
| 651 #0 - SUBJECT ADDED ENTRY--GEOGRAPHIC NAME | |
| Geographic name | Maharashtra (India) |
| General subdivision | Economic policy. |
No items available.